Symboles culturels suisses - Statistiques

Statistiques générales
  • Ce quiz a été pris 6 033 fois
  • Le résultat moyen est 15 sur 20
Statistiques - réponses
Indice Réponse % Correct
Produit luxueux qui se porte au poignet Montre
98%
Chaîne de montagne Alpes
96%
Ce que les vaches portent autour du cou Cloche de vache
92%
Institution qui garde de l'or dans des coffres Banque
91%
Outil de poche multi-tâches Couteau suisse
91%
Plat au fromage qui dégouline Raclette
91%
Plat au fromage qui dégouline Fondue
90%
Habitation en bois Chalet
89%
Principe dans ses relations internationales Neutralité
87%
Icône du tennis Roger Federer
87%
Symbole sur les armoiries et le drapeau Croix fédérale
82%
Race de chien qui porte un tonneau au collier Saint-bernard
81%
Petite fille des montagnes, en fiction Heidi
79%
Sucrerie en branche ou en plaque Chocolat
76%
Fleur blanche des Alpes Edelweiss
73%
Arbalétrier de légende Guillaume Tell
64%
Montagne pointue par excellence Cervin
48%
Long instrument à vent utilisé pour communiquer en montagne Cor des alpes
32%
Fête nationale 1er août
30%
Allégorie féminine de la Suisse Helvetia
17%
Aucun quiz correspondant
Distribution des résultats
% des personnes avec chaque résultat
Percentile par nombre de réponses
Votre historique - résultats
Vous n’avez pas pris ce quiz